000 00902cab a2200265 4500
001 WB3303-27
008 090401t1997 xxu||||| |||| 00| 0 eng d
035 _a(Sirsi) u26540
041 _aeng
245 _aTax trap warning
260 _c1997
350 _a0
490 _aLaw Society`s Gazette
_v94(1) 8 January 1997, 4(1)
520 _aSolicitors are advised to make a written record of any areas where they are not expected to advise, following a case in which a law firm was found negligent for failing to advise a client of a trap in the Income and Corporation Taxes Act 1988 s34.
650 _aBREACH OF CONTRACT
650 _aEXPERTISE
650 _aHURLINGHAM ESTATES V WILDE AND PARTNERS
650 _aINCOME AND CORPORATION TAXES ACT 1988 S34
650 _aNEGLIGENCE
650 _aSOLICITORS
690 _aLAW
690 _aTAXATION
942 _n0
948 _c04/03/1997
999 _c17844
_d17844